| 000 | 01317nam a2200337 a 4500 | ||
|---|---|---|---|
| 001 | 000111265 | ||
| 003 | CHAP | ||
| 005 | 20220329144204.0 | ||
| 008 | 150123s2014 mx |sm |||||||spa d | ||
| 010 | _a107727 | ||
| 011 | _a108699 | ||
| 040 | _cCHAP | ||
| 090 | _aTesis | ||
| 100 | 1 |
_aQuezada Escárcega, Diego _9129097 |
|
| 245 | 1 | 0 |
_aEstres termico, restricción divergente y tercer tercio de gestación en ovejas: _h[En línea] _bEfectos sobre la concentración serica de trigliceridos y los pesos de la camada al nacimiento / _cpor Diego Quezada Escárcega. |
| 260 |
_aBermejillo, Dgo. : _bEl autor, _c2014. |
||
| 500 | _aPara ver el contenido del material haga clic en la liga | ||
| 502 | _aTesis (Ing. en Sistemas Pecuarios) -- UACH. Unidad Regional Universitaria de Zonas Áridas | ||
| 590 |
_aE11695DGD _b10 _c20150126 _lUCH01 _h1235 |
||
| 590 |
_aE5652GLJ _b05 _c20150123 _lUCH01 _h1236 |
||
| 590 |
_aE5652GLJ _b05 _c20150123 _lUCH01 _h1255 |
||
| 650 | 1 | 4 |
_aEstrés termico. _938474 |
| 650 | 1 | 4 |
_aGanado lanar _xAlimentación. _945153 |
| 650 | 1 | 4 |
_aGanado lanar _xNutrición. _945205 |
| 650 | 1 | 4 |
_aGestación. _947801 |
| 650 | 1 | 4 |
_aProteínas en nutrición animal. _992454 |
| 856 |
_aFinding aid _uhttp://10.13.5.2/tesis/sist111265.pdf _zTeclea aquí |
||
| 901 | _aBK | ||
| 942 | _cTESIS | ||
| 942 | _n0 | ||
| 999 |
_c107727 _d107727 |
||